Loading...
| Science - Chemistry | 2 | 5 | 0 | 1 | 80 | 59 | 83.71 | 3 | 7 | 0.00 | 0.00 |
| Philosophy | 1 | 5 | 1 | 3 | 60 | 37 | 113.83 | 1 | 6 | 0.00 | 0.00 |
| Science - Physics | 1 | 5 | 2 | 0 | 55 | 53 | 85.00 | 4 | 6 | 0.00 | 0.00 |
| Social Science | 3 | 2 | 3 | 0 | 50 | 49 | 81.20 | 3 | 5 | 0.00 | 0.00 |
| Fine Arts - Other | 0 | 5 | 0 | 2 | 50 | 117 | 130.80 | 0 | 5 | 0.00 | 0.00 |
| Science - Other | 4 | 0 | 3 | 0 | 45 | 21 | 53.50 | 2 | 4 | 0.00 | 0.00 |
| Fine Arts - Visual | 1 | 3 | 0 | 1 | 45 | 73 | 125.25 | 0 | 4 | 0.00 | 0.00 |
| Geography | 3 | 1 | 2 | 0 | 45 | 41 | 64.50 | 1 | 4 | 0.00 | 0.00 |
| History - World | 1 | 3 | 1 | 0 | 40 | 51 | 86.75 | 3 | 4 | 0.00 | 0.00 |
| Literature - American | 2 | 1 | 0 | 0 | 40 | 67 | 85.00 | 2 | 3 | 0.00 | 0.00 |
| History - European | 2 | 1 | 0 | 0 | 40 | 67 | 84.33 | 2 | 3 | 0.00 | 0.00 |
| Religion | 0 | 4 | 0 | 0 | 40 | 76 | 115.00 | 0 | 4 | 0.00 | 0.00 |
| Literature - European | 0 | 3 | 0 | 1 | 30 | 120 | 137.67 | 1 | 3 | 0.00 | 0.00 |
| Science - Biology | 2 | 1 | 2 | 0 | 30 | 61 | 84.67 | 3 | 3 | 0.00 | 0.00 |
| History - American | 0 | 3 | 1 | 0 | 25 | 107 | 122.67 | 0 | 3 | 0.00 | 0.00 |
| Current Events | 2 | 0 | 1 | 0 | 25 | 51 | 63.50 | 1 | 2 | 0.00 | 0.00 |
| History - Ancient/Other | 0 | 3 | 1 | 1 | 25 | 128 | 137.00 | 0 | 3 | 0.00 | 0.00 |
| Literature - World | 0 | 2 | 0 | 0 | 20 | 107 | 112.00 | 1 | 2 | 0.00 | 0.00 |
| Literature - British | 1 | 2 | 3 | 0 | 20 | 78 | 111.33 | 0 | 3 | 0.00 | 0.00 |
| Fine Arts - Auditory | 0 | 3 | 3 | 1 | 15 | 90 | 115.67 | 0 | 3 | 0.00 | 0.00 |
| Mythology | 0 | 1 | 0 | 1 | 10 | 147 | 147.00 | 1 | 1 | 0.00 | 0.00 |
| Other Academic | 0 | 1 | 1 | 0 | 5 | 97 | 97.00 | 1 | 1 | 0.00 | 0.00 |